Direct Josephson coupling between superconducting flux qubits; Physical Review B; Vol. 72, iss. 2
| Parent link: | Physical Review B: Scientific Journal.— , 1970- Vol. 72, iss. 2.— 2005.— [020503] |
|---|---|
| Andre forfattere: | , , , , , , , , , , |
| Summary: | Title screen We have demonstrated strong antiferromagnetic coupling between two three-junction flux qubits based on a shared Josephson junction, and therefore not limited by the small inductances of the qubit loops. The couplingsign and magnitude were measured by coupling the system to a high-quality superconducting tank circuit. Design modifications allowing to continuously tune the coupling strength and/or make the coupling ferromagnetic are discussed Режим доступа: по договору с организацией-держателем ресурса |
| Sprog: | engelsk |
| Udgivet: |
2005
|
| Fag: | |
| Online adgang: | http://dx.doi.org/10.1103/PhysRevB.72.020503 |
| Format: | MixedMaterials Electronisk Book Chapter |
| KOHA link: | https://koha.lib.tpu.ru/cgi-bin/koha/opac-detail.pl?biblionumber=637158 |
MARC
| LEADER | 00000nla0a2200000 4500 | ||
|---|---|---|---|
| 001 | 637158 | ||
| 005 | 20250415124005.0 | ||
| 035 | |a (RuTPU)RU\TPU\network\1255 | ||
| 035 | |a RU\TPU\network\1242 | ||
| 090 | |a 637158 | ||
| 100 | |a 20140526d2005 k||y0rusy50 ba | ||
| 101 | 0 | |a eng | |
| 102 | |a US | ||
| 135 | |a drcn ---uucaa | ||
| 181 | 0 | |a i | |
| 182 | 0 | |a b | |
| 200 | 1 | |a Direct Josephson coupling between superconducting flux qubits |f M. Grajcar [et al.] | |
| 203 | |a Text |c electronic | ||
| 300 | |a Title screen | ||
| 320 | |a [References: 19 tit.] | ||
| 330 | |a We have demonstrated strong antiferromagnetic coupling between two three-junction flux qubits based on a shared Josephson junction, and therefore not limited by the small inductances of the qubit loops. The couplingsign and magnitude were measured by coupling the system to a high-quality superconducting tank circuit. Design modifications allowing to continuously tune the coupling strength and/or make the coupling ferromagnetic are discussed | ||
| 333 | |a Режим доступа: по договору с организацией-держателем ресурса | ||
| 461 | |t Physical Review B |o Scientific Journal |d 1970- | ||
| 463 | |t Vol. 72, iss. 2 |v [020503] |d 2005 | ||
| 610 | 1 | |a электронный ресурс | |
| 610 | 1 | |a труды учёных ТПУ | |
| 701 | 1 | |a Grajcar |b M. | |
| 701 | 1 | |a Izmalkov |b A. | |
| 701 | 1 | |a Ploeg |b S. H. W. van der | |
| 701 | 1 | |a Linzen |b S. | |
| 701 | 1 | |a Il’ichev |b E. | |
| 701 | 1 | |a Wagner |b Th. | |
| 701 | 1 | |a Hubner |b U. | |
| 701 | 1 | |a Meyer |b H.-G. | |
| 701 | 1 | |a Brink |b A. M. van den | |
| 701 | 1 | |a Uchaykin |b S. V. |c specialist in the field of non-destructive testing |c Engineer of Tomsk Polytechnic University, Doctor of physical and mathematical sciences |f 1963- |g Sergey Victorovich |3 (RuTPU)RU\TPU\pers\32279 | |
| 701 | 1 | |a Zagoskin |b A. M. | |
| 801 | 2 | |a RU |b 63413507 |c 20150416 |g RCR | |
| 850 | |a 63413507 | ||
| 856 | 4 | |u http://dx.doi.org/10.1103/PhysRevB.72.020503 | |
| 942 | |c CF | ||